Statistics for Czech Fortuna League 2023/24 Teams

Click here to take the quiz!

General Stats

  • This quiz has been taken 42 times
  • The average score is 15 of 16

Answer Stats

Answer% Correct
AC Sparta Praha
100%
FC Viktoria Plzeň
100%
SK Slavia Praha
100%
Bohemians 1905
97%
FC Baník Ostrava
97%
FC Slovan Liberec
94%
FC Zlín
94%
SK Sigma Olomouc
94%
1. FC Slovácko
91%
SK Dynamo České Budějovice
91%
FC Pardubice
88%
FK Teplice
88%
FC Hradec Králové
82%
FK Jablonec
82%
MFK Karviná
82%
FK Mladá Boleslav
79%

Score Distribution

Percentile by Number Answered

Percent of People with Each Score

Your Score History

You have not taken this quiz